Haikyuu — MSBY Black Jackal Members - Statistics

General Stats
  • This quiz has been taken 188 times
  • The average score is 6 of 9
Answer Stats
Position Member % Correct
#21 (WS/OP) Shōyō Hinata
99%
#13 (S) Atsumu Miya
95%
#12 (WS/OH) Kōtarō Bokuto
94%
#15 (WS/OH) Kiyoomi Sakusa
90%
#4 (MB) Shūgo Meian
56%
#6 (L) Shion Inunaki
52%
#9 (MB) Adriah Tomas
50%
#10 (WS/OP) Oliver Barnes
45%
Coach Samson Foster
44%
No matching quizzes found
Score Distribution
Percent of People with Each Score
Percentile by Number Answered
Your Score History
You have not taken this quiz